000 00902cab a2200229 4500
001 ABS57530
008 090401t1997 xxu||||| |||| 00| 0 eng d
035 _a(Sirsi) u80520
041 _aeng
100 _aMartyn, J
245 _aCo-owners and their entitlement to occupy their land before and after the Trust of Land and Appointment of Trustees Act 1996: Theoretical doubts are replaced by practical difficulties
260 _c1997
350 _a0
490 _aThe Conveyancer
_vJuly/August 1997, 254-262(9)
520 _aConsiders the question of when co-owners are entitled to occupy their land before and after the implementation of the Trusts of Land and Appointment of Trustees Act 1996.
650 _aCO-OWNERS
650 _aOCCUPATION
650 _aTRUSTS OF LAND AND APPOINTMENT OF TRUSTEES ACT 1996
690 _aPROPERTY LAW AND PRACTICE
942 _n0
948 _c27/08/1997
999 _c50702
_d50702